|
|
|
|
| LEADER |
00622nam a22001817a 4500 |
| 005 |
20151026130316.0 |
| 008 |
091015t xxu||||| |||| 00| 0 eng d |
| 020 |
|
|
|a 81-226-0468-4
|
| 080 |
|
|
|a 954.83=M
|b BAL
|
| 100 |
|
|
|a Balakrishnan, P.K.
|9 414
|
| 245 |
|
|
|a Jathivyavasthithiyum Keralacharithravum
|
| 250 |
|
|
|a 2nd ed.
|
| 260 |
|
|
|a Thrissur
|b Current books
|c 2005
|9 6946
|
| 300 |
|
|
|a xiv, 407p.
|
| 653 |
|
|
|a Kerala history
|a Caste system-Kerala
|a History-Kerala
|
| 942 |
|
|
|c BK
|6 _
|
| 999 |
|
|
|c 2996
|d 2996
|
| 952 |
|
|
|0 0
|1 0
|2 udc
|4 0
|6 95483M_BAL
|7 0
|9 13151
|a UL
|b UL
|d 2009-10-15
|l 7
|o 954.83=M BAL
|p 00054418
|r 2015-10-01
|s 2015-08-13
|w 2009-10-15
|y BK
|